|
|
|
|
| LEADER |
00000nam a2200000 a 4500 |
| 001 |
vtls010608158 |
| 003 |
SK-MaSNL |
| 005 |
20260301215151.0 |
| 008 |
240315s1975 xo ao d 000 0 slo |
| 040 |
|
|
|a SNK
|b slo
|c SNK
|e AACR2
|
| 041 |
1 |
|
|a slo
|h cze
|
| 044 |
|
|
|a xo
|c SK
|
| 072 |
|
7 |
|a 54
|x Chémia. Mineralogické vedy
|2 konspekt
|
| 080 |
|
|
|a 54
|2 2001
|
| 080 |
|
|
|a (075.2)
|2 2001
|
| 080 |
|
|
|a (076.1)
|2 2001
|
| 100 |
1 |
|
|a Ondráček, Josef
|4 aut
|9 427164
|
| 245 |
1 |
0 |
|a Pracovný zošit z chémie pre 8. ročník ZDŠ
|c Josef Ondráček, Luděk Knor ; ilustr. Otakar Procházka ; prel. Ružena Halásová
|
| 250 |
|
|
|a 1. vyd.
|
| 260 |
|
|
|a Bratislava
|b Slovenské pedagogické nakladateľstvo
|c 1975
|e Nitra
|f Nitrianske tlačiarne
|
| 300 |
|
|
|a 156 s., 5,93 AH
|b obr.
|c 24 cm
|
| 366 |
|
|
|e 10 000 výtl.
|
| 650 |
0 |
7 |
|a chémia
|2 SNKPH
|9 749
|
| 650 |
0 |
7 |
|a Chemistry
|2 SNKPHeng
|9 265248
|
| 655 |
|
7 |
|a učebnice základných škôl
|2 SNKPH
|9 70187
|
| 655 |
|
7 |
|a pracovné zošity
|2 SNKPH
|9 70188
|
| 655 |
|
7 |
|a Textbooks (elementary)
|2 SNKPHeng
|9 276977
|
| 655 |
|
7 |
|a Activity books
|2 SNKPHeng
|9 302885
|
| 700 |
1 |
|
|a Knor, Luděk
|4 aut
|9 80586
|
| 700 |
1 |
|
|a Procházka, Otakar
|4 ill
|9 279571
|
| 852 |
|
|
|a Štátna vedecká knižnica v Banskej Bystrici
|
| 958 |
|
|
|a OND
|
| 999 |
|
|
|c 927113
|d 929043
|
| 952 |
|
|
|a SNK
|b SNK
|y VYP
|7 0
|p 17A1140757
|o snkSC 39672 D1
|i snkKSP 6784/76
|0 0
|1 0
|4 0
|d 2015-03-18
|l 0
|r 2026-02-24 08:37:02
|w 2026-02-24
|